• 首页
  • 本馆介绍
  • 公告通知
  • 最新文献
  • 馆藏检索
  • 电子资源
  • 读者导购
  • 参考咨询
  • 我的图书馆
  • 登录
  • 详细信息显示
  • 放入我的书架
  • 预约/预借图书
  • 作者相关作品
  • 分类相关作品
  • 丛书相关作品
  • 出版社相关作品

书目信息

  • 表格格式
  • 工作单格式
  • 卡片格式
题名:
生理学实验
    
 
作者: 解景田 , 刘燕强 , 崔庚寅 主编
分册:  
出版信息: 北京   高等教育出版社  2009
页数: 250页
开本: 26cm
丛书名:
单 册:
中图分类: Q4-33
科图分类:
主题词: 生理学--实验--高等学校--教材 , 生理学
电子资源:
ISBN: 978-7-04-025530-0
000 01023nam0 2200289 45
001 1050661562
005 20100420092556.92
010    @a978-7-04-025530-0@dCNY21.60
100    @a20100408d2009 em y0chiy0120 ea
101 0  @achi
102    @aCN@b110000
105    @aa z 000yy
106    @ar
200 1  @a生理学实验@ASheng Li Xue Shi Yan@f解景田,刘燕强,崔庚寅主编@FXie Jing Tian, Liu Yan Qiang, Cui Geng Yin Zhu Bian
205    @a3版
210    @a北京@c高等教育出版社@d2009
215    @a250页@c图@d26cm
300    @a普通高等教育“十一五”国家级规划教材
330    @a本书主要是对一些经典的基础性实验进行了合并与重组,且更注重实验体系层次的完善、实验的原创性和可操作性、实验方法的探索研究以及实验报告与论文的撰写等等。
606 0  @a生理学@x实验@x高等学校@j教材
606 0  @a生理学
690    @aQ4-33@v4
701  0 @a解景田@AXie Jing Tian@4主编
701  0 @a刘燕强@ALiu Yan Qiang@4主编
701  0 @a崔庚寅@ACui Geng Yin@4主编
801  0 @aCN@bTANGWEI@c20100420
905    @b0589218-22@dQ4-33@e24=3@f5
    
    生理学实验/解景田,刘燕强,崔庚寅主编.-3版.-北京:高等教育出版社,2009
    250页:图;26cm
    普通高等教育“十一五”国家级规划教材
    
    ISBN 978-7-04-025530-0:CNY21.60
    本书主要是对一些经典的基础性实验进行了合并与重组,且更注重实验体系层次的完善、实验的原创性和可操作性、实验方法的探索研究以及实验报告与论文的撰写等等。
●
相关链接 在E读中查询图书 在五车中查询图书 在当当中查询图书 在豆瓣中查询图书


正题名:生理学实验     索取号:Q4-33/24=3         预约/预借

序号 登录号 条形码 馆藏地/架位号 状态 备注
1 0589218   205892186   第二样本阅览室/ [索取号:Q4-33/24=3] 在馆    
2 0589219   205892195   第三借阅区/ [索取号:Q4-33/24=3] 在馆    
3 0589220   205892202   第三借阅区/ [索取号:Q4-33/24=3] 在馆    
4 0589221   205892211   第三借阅区/ [索取号:Q4-33/24=3] 在馆    
5 0589222   205892220   第三借阅区/ [索取号:Q4-33/24=3] 在馆    
唐山师范学院图书馆 欢迎您!
大连网信软件有限公司© 版权所有